| 000 | 00940 a2200217 4500 | ||
|---|---|---|---|
| 001 | 63017 | ||
| 005 | 20260407155924.0 | ||
| 008 | 260407a2008 arg spa d | ||
| 003 | AR-UNSa-BCEJYS | ||
| 040 |
_aAR-UNSa-BCEJYS _bspa _cAR-UNSa-BCEJYS |
||
| 080 |
_a343.8 _xCondena. Ejecución de la sentencia. Cumplimiento de la pena. Prevención del delito (Instituciones penitenciarias) |
||
| 245 | 1 | 0 |
_aCárcel y globalización _pEl "boom" penitenciario en los Estados Unidos y en Europa |
| 020 | _a978-950-894-702-4 | ||
| 264 | 1 |
_aBuenos Aires : _bAD-HOC _c2008 |
|
| 300 |
_a253 p. _c23 cm. |
||
| 505 | _a1. La globalización penitenciaria - 2. El encarcelamiento en masa en los Estados Unidos - 3. Las interpretaciones del boom penitenciario - 4. La Europa penal entre pasado y futuro - 5. Políticas penales de la globalización - | ||
| 041 | _aspa | ||
| 942 | _cBK | ||
| 590 | _aniveau_biblio:m niveau_hierar:0 | ||
| 100 | 1 | _aRe, Lucía | |
| 999 |
_c7919 _d7919 |
||